| 000 | 00376nam a2200145Ia 4500 | ||
|---|---|---|---|
| 008 | 231129s2016||||xx |||||||||||||| ||spa|| | ||
| 020 | _a978-958-8954-18-9 | ||
| 040 | _bspa | ||
| 082 | _a(i) 863 L151v | ||
| 100 | _aLacunza Edurne | ||
| 245 | 0 | _a¡Voy a jugar! | |
| 260 | _c2016 | ||
| 264 | _aBogotá Colombia : Babel | ||
| 942 |
_2ddc _cBKS |
||
| 999 |
_c3267 _d3267 |
||